Normal view
MARC view
- اللغة العربية-بلاغة-دراسة وتعليم
Entry Topical Term
001 - CONTROL NUMBER
- control field: 38620
003 - CONTROL NUMBER IDENTIFIER
- control field: JO-AjAnu
005 - DATE AND TIME OF LATEST TRANSACTION
- control field: 20230606080429.0
008 - FIXED-LENGTH DATA ELEMENTS
- fixed length control field: 230606|| aca||aabn | a|a d
040 ## - CATALOGING SOURCE
- Original cataloging agency: JO-AjAnu
- Transcribing agency: JO-AjAnu
150 ## - HEADING--TOPICAL TERM
- Topical term or geographic name entry element: اللغة العربية-بلاغة-دراسة وتعليم
670 ## - SOURCE DATA FOUND
- Source citation: Work cat.: (JO-AjAnu)19808: شيخون، محمود السيد, author 38619, البلاغة الوافية للصف الأول الثانوي بالمعاهد الأزهرية حسب المنهج الجديد